000 00369nam a2200133Ia 4500
008 100328s9999 xx 000 0 und d
082 _b22263
100 _aरांजणकर यशवंत
245 _aचण्डिमठ
260 _bअंतरकर आनंद
630 _aचण्डिमठ
730 _aचण्डिमठ
942 _cBOOK
999 _c516178
_d516175